Normal view MARC view

Entry Nombre personal

Number of records used in: 1

001 - NÚMERO DE CONTROL

  • campo de control: 235671

003 - IDENTIFICADOR DE NÚMERO DE CONTROL

  • campo de control: ES-MaACL

005 - FECHA Y HORA DE LA ÚLTIMA TRANSACCIÓN

  • campo de control: 20240402154322.0

008 - ELEMENTOS DE DATO DE LONGITUD-FIJA

  • campo de control de longitud fija: 240402|| aca||aabn | a|a d

040 ## - FUENTE DE CATALOGACIÓN

  • Centro catalogador/agencia de origen: ES-MaACL
  • Centro/agencia transcriptor: ES-MaACL

100 ## - ENCABEZAMIENTO-NOMBRE DE PERSONA

  • Nombre de persona: López, Celso

670 ## - FUENTE DE DATOS ENCONTRADOS

  • Cita de la fuente: Work cat.: (ES-MaACL)194050: Tugendhat, Ernst 1930- 235667, El libro de Manuel y Camila, 2001